00633 2200229 4500001002100000005001500021035002000036007000300056008004100059020002200100082000800122084001400130100001800144245009900162260004200261300003100303700002100334990001200355990001200367990001200379990001200391INLIS00000000000267320190103111624 a0010-0119000025ta190103 a 0 ind  a978-602-455-231-2 a028 a028 STE s0 aSTELLA, Ernes1 aSaat Aku Besar Nanti :bAku Ingin Menjadi Seniman /cStella Ernes; penyunting, Eunike Septiana aJakarta :bBhuana Ilmu Populer,c2017 a29 hlm. :bilus. ;c20 cm.0 aEUNIKE, Septiana a16943 a a16943 b a16943 a a16943 b